MARC

LEADER 00000nam0a2200000 4500
001 45350
005 20231101210939.0
010 |a 5309001832 
035 |a (RuTPU)RU\TPU\book\47140 
090 |a 45350 
100 |a 20021209d2001 d y0rusy50 ca 
101 0 |a rus 
102 |a RU 
105 |a a z 000ay 
200 1 |a Древние тайны  |e Фантастическая повесть  |f К. Булычев 
210 |a М  |c Армада-пресс  |d 2001 
215 |a 221 с.  |c ил. 
225 1 |a Алиса и ее друзья в лабиринтах истории 
610 1 |a повести 
610 1 |a фантастика 
610 1 |a детская литература 
675 |a Р2  |v 3 
700 1 |a Булычев  |b К.  |c писатель-фантаст, драматург, сценарист и литературовед, историк, востоковед, фалерист  |c доктор исторических наук  |c настоящее имя Можейко Игорь Всеволодович)  |f 1934-2003  |g Кир  |2 stltpush  |3 (RuTPU)RU\TPU\pers\43878  |9 21735 
801 1 |a RU  |b 63413507  |c 20021209  |g PSBO 
801 2 |a RU  |b 63413507  |c 20190627  |g PSBO 
942 |c BK